Catálogo
 En Linea

Matemática : (Registro nro. 12577)

Detalles MARC
000 -CABECERA
campo de control de longitud fija 01530nam a2200205 a 4500
001 - NÚMERO DE CONTROL
campo de control 000012929
003 - IDENTIFICADOR DEL NÚMERO DE CONTROL
campo de control OSt
005 - FECHA Y HORA DE LA ÚLTIMA TRANSACCIÓN
campo de control 20201110132356.0
008 - DATOS DE LONGITUD FIJA--INFORMACIÓN GENERAL
campo de control de longitud fija 081117s1990 dr ac 000 0 spa d
040 ## - FUENTE DE LA CATALOGACIÓN
Centro catalogador/agencia de origen DO-SdBNP
Lengua de catalogación spa
Centro/agencia transcriptor BNPHU
100 1# - ENTRADA PRINCIPAL--NOMBRE DE PERSONA
Nombre de persona Sánchez de Luciano, Daysi
9 (RLIN) 1249
245 10 - MENCIÓN DE TÍTULO
Título Matemática :
Resto del título educación primaria /
Mención de responsabilidad, etc. Daysi Sánchez de Luciano.
260 ## - PUBLICACIÓN, DISTRIBUCIÓN, ETC.
Lugar de publicación, distribución, etc. Santo Domingo, :
Nombre del editor, distribuidor, etc. Disesa,
Fecha de publicación, distribución, etc. 1990.
300 ## - DESCRIPCIÓN FÍSICA
Extensión v. :
Otras características físicas il., retrs. ;
Dimensiones 27 cm.
500 ## - NOTA GENERAL
Nota general Educación primaria.
500 ## - NOTA GENERAL
Nota general La biblioteca solamente posee el volumen 6.
500 ## - NOTA GENERAL
Nota general Aprobado como libro de texto básico para el sexto curso de la educación primaria por la Secretaría de Estado de Educación, Bellas artes y Cultos mediante oficio No. 5103 de fecha 1 de agosto de 1989.
505 0# - NOTA DE CONTENIDO CON FORMATO
Nota de contenido con formato v. 6 :
Título Prólogo --
-- Ecuaciones en las que se aplica la adicción y la sustración de números naturales --
-- Ecuaciones en las que se aplica la multiplicación y división de los números naturales --
-- Potencias de números naturales. Raíces cuadradas --
-- Los números fraccionarios --
-- Operaciones con números fraccionarios --
-- Las fracciones decimales --
-- Razón. Proporción. Tanto por ciento. Interés simple --
-- Dibujos a escala. Ampliación y reducción --
-- Recolección y análisis de datos --
-- Unidades de medida --
-- Operaciones con diferentes unidades de medida de un mismo sistema --
-- Elementos del plano. Polígonos --
-- Perímetros --
-- superficies. Areas de polígonos --
-- Prismas. Volúmenes y otras unidades de medida --
942 ## - ELEMENTOS DE PUNTO DE ACCESO ADICIONAL (KOHA)
Fuente del sistema de clasificación o colocación Dewey Decimal Classification
Tipo de ítem Koha Libro
Existencias
Estado de retiro Estado de pérdida No para préstamo Código de colección Localización permanente Ubicación/localización actual Ubicación en estantería Fecha de adquisición Número de inventario Total de préstamos Signatura topográfica completa Código de barras Fecha visto por última vez Precio válido a partir de Tipo de ítem Koha
    Excluido de préstamo Patrimonio Dominicano Patrimonio Dominicano Patrimonio Dominicano En catalogación 18.11.2009 LF1   12929-10 25.06.2020 25.06.2020 Libro y Folleto Colección Patrimonio Dominicano

Con tecnología Koha